000 00663nam a22002057a 4500
005 20251108165021.0
008 250721s1991 xx 000 0 ara d
082 1 4 _a927.456/مقل
100 1 _aناجي، هلال
245 1 0 _aإبن مقله خطاطا و أديبا و إنسانا /
264 1 _aبغداد :
_bدار الشؤون الثقافية العامة،
_c1991.
300 _a165ص
490 0 _aسلسلة خزانة التراث
500 _aمع تحقيق رسالته في الخط و القلم
650 1 7 _aالتراجم
650 1 7 _aالخط العربي
650 1 7 _aالخطاطون
942 _2ddc
_cBK
999 _c20000
_d20000